00635 2200217 4500001002100000005001700021008004100038035002400079082001300103090002000116100002200136245007400158260004100232300003100273500002700304650003400331850001600365980001100381985001000392999001500402YOGYA-0209000000448320090227020721.0 ind  0010-020900000004483 a001.6425 a001.6425bMah P aMAHYUZIR, Tauri D aPengantar analisis dan perancangan perangkat lunakcTauri D. Mahyuzir aJakartabElex Media Komputindoc1991 aviii, 197 hlmbilusc21 cm aBibliografi : hlm. 197 aKomputer - Penyusunan program aYOPDYOG (B) a050414 a1 eks aB000017337